000 00328nam a22001457a 4500
008 211013b ||||| |||| 00| 0 eng d
020 _a9780805300918
041 _aeng
080 _a621
082 _a621
100 _a26
101 _aMEK
245 _aObject Oriented Design with Applications
_cBooch,G
942 _2udc
_cBK
999 _c58208
_d58208